Fiction and Fantasy in British Children's Literature diplomová práca

Guardado en:
Detalles Bibliográficos
Autor principal: Čechová, Zuzana
Autor Corporativo: Fakulta aplikovaných jazykov EU v Bratislave. Katedra jazykovedy a translatológie
Otros Autores: Adamcová, Silvia, 1984-
Formato: Libro
Lenguaje:inglés
Publicado: Bratislava 2017
Etiquetas: Agregar Etiqueta
Sin Etiquetas, Sea el primero en etiquetar este registro!

MARC

LEADER 00000nbm a2200000 4500
001 0231420
005 20180213104309.3
041 0 |a eng 
044 |a SK 
245 1 0 |a Fiction and Fantasy in British Children's Literature  |b diplomová práca  |c Zuzana Čechová ; školiteľ: Silvia Adamcová 
264 1 |a Bratislava  |c 2017 
300 |a 88 s. 
100 1 |a Čechová, Zuzana 
700 1 |a Adamcová, Silvia, 1984- 
710 2 |a Fakulta aplikovaných jazykov EU v Bratislave. Katedra jazykovedy a translatológie